| 000 | 00539nam a2200169 i 4500 | ||
|---|---|---|---|
| 001 | 38198 | ||
| 003 | ES-MaACL | ||
| 005 | 20230906155721.0 | ||
| 007 | t| | ||
| 008 | 030224s1982 sp ||||1| spa d | ||
| 100 | 1 |
_aCabrillo, Francisco. _933329 |
|
| 245 | 1 | 3 |
_aEl programa de economía política de D. Laureano Figuerola / _cFrancisco Cabrillo. |
| 260 |
_aMadrid : _bMoneda y Crédito, _c1982. |
||
| 300 |
_a6 h. ; _c23 cm. |
||
| 500 | _aEs separata de: Moneda y crédito, 162. 1982, p. 49-59. | ||
| 852 |
_aES-MaACL _j2133-F-7 _bR.106526 |
||
| 999 |
_c38198 _d38198 |
||